000 00594nam a2200229Ia 4500
005 20260320201747.0
008 008 262003s9999 xx 000 0 eng d
037 _aEBOOK
040 _aCRL
040 _beng
040 _cCRL
041 _2eng
041 _aeng
084 _qCRL
100 _aAlley
_91135857
245 4 _aThe Two-Mile Time Machine: Ice Cores, Abrupt Climate Change, and Our Future - Updated Edition
260 _bIEEE
856 _uhttps://ieeexplore.ieee.org/servlet/opac?bknumber=9452435
942 _cEBOOK
999 _c1723386
_d1723386